El casino (Record no. 172987)

MARC details
000 -LEADER
campo de control de longitud fija 00777nam a2200181 i 4500
001 - NÚMERO DE CONTROL
campo de control 172987
003 - IDENTIFICADOR DE NÚMERO DE CONTROL
campo de control ES-MaACL
005 - FECHA Y HORA DE LA ÚLTIMA TRANSACCIÓN
campo de control 20251011063154.0
008 - DATOS DE LONGITUD FIJA--INFORMACIÓN GENERAL
campo de control de longitud fija 091002s1879 sp |||| | spa d
080 ## - NÚMERO DE LA CLASIFICACIÓN DECIMAL UNIVERSAL
Número de la Clasificación Decimal Universal 821.134.2-2"18"
100 1# - ENTRADA PRINCIPAL--NOMBRE DE PERSONA
Nombre de persona Cavestany, Juan Antonio,
Fechas asociadas al nombre 1861-1924
9 (RLIN) 37192
245 13 - MENCIÓN DEL TÍTULO
Título El casino
Resto del título : drama en tres actos y en verso /
Mención de responsabilidad, etc. original de Juan Antonio Cavestany.
260 ## - PUBLICACIÓN, DISTRIBUCIÓN, ETC.
Lugar de publicación, distribución, etc. Madrid :
Nombre del editor, distribuidor, etc. [s.n.],
Fecha de publicación, distribución, etc. 1879 (
Fabricante Imp. de Fortanet)
300 ## - DESCRIPCIÓN FÍSICA
Extensión 199 p. ;
Dimensiones 18 cm.
500 ## - NOTA GENERAL
Nota general En port.: Representado por primera vez en el Teatro de Apolo... el día 9 de enero de 1879.
852 ## - LOCALIZACIÓN
Ubicación ES-MaACL
Número de control de estantería F-8601(5)
condición física .- Falto de la cub. original
Nota libre Enc. en vol. facticio formando parte de la col. facticia "Teatro español moderno", vol. 54
Holdings
Estatus retirado Estado de pérdida Estado de daño No para préstamo Colección Biblioteca de origen Biblioteca actual Ubicación en estantería Fecha de adquisición Fuente de adquisición Total de préstamos Signatura topográfica completa Código de barras Visto por última vez Precio de reemplazo Tipo de ítem Koha
        Libros del s. XIX Biblioteca del Ateneo de Madrid Biblioteca del Ateneo de Madrid Sala Pecera Planta 2 02/10/2009     F-8601(5) 1181516 23/02/2023 23/02/2023 Libro impreso antiguo